Véhicules militaires de GTA 5 - Statistiques

Statistiques générales
  • Ce quiz a été pris 9 fois
  • Le résultat moyen est 5 sur 17
Statistiques - réponses
Marque Modèle % Correct
HVY APC
50%
Bravado Autochenille
50%
Canis Crusader
50%
Rhino Tank
50%
TM-02 Khanjali
50%
HVY Barracks
25%
HVY Barracks
25%
HVY Barracks Semi
25%
HVY Barrage
25%
Char Invasion pacifique
25%
HVY Chernobog
25%
Vom Feuer Remorque antiaérienne
25%
Mammoth Thruster
25%
HVY Vetir
25%
HVY Scarab anticipation
0%
HVY Scarab apocalypse
0%
HVY Scarab cauchemar
0%
Aucun quiz correspondant
Distribution des résultats
% des personnes avec chaque résultat
Percentile par nombre de réponses
Votre historique - résultats
Vous n’avez pas pris ce quiz